[Event "Szachowy Tydzien w Przeworsku - Round Robin Tournament GM norm"]
[Site "Przeworsk"]
[Date "1899-12-30"]
[Round "9.5"]
[White "Licznerski, Lukasz"]
[Black "Dziuba, Marcin"]
[Result "1/2-1/2"]
[WhiteTitle "IM"]
[BlackTitle "GM"]
[WhiteElo "2460"]
[BlackElo "2535"]

1. e4 c5 2. Nf3 Nc6 3. Bb5 e5 4. O-O Bd6 5. c3 a6 6. Ba4 b5 7. Bc2 Nge7 8. d4 cxd4
9. cxd4 exd4 10. Nbd2 Qc7 11. Nb3 Bb7 12. Nbxd4 Nxd4 13. Qxd4 O-O 14. Qd3 Ng6
15. Bb3 Ne5 16. Nxe5 Bxe5 17. f4 Qd6 18. Qxd6 Bxd6 19. Be3 Bxe4 20. Rad1 Be7 21.
Rxd7 Rfe8 22. Rc1 Bf5 23. Rb7 Be4 24. Rbc7 Rad8 25. Bc5 Bxc5+ 26. R1xc5 Kh8 27.
Re5 Rxe5 28. fxe5 Bg6 29. e6 fxe6 30. Bxe6 Rd1+ 31. Kf2 h5 32. Rc8+ Kh7 33. Bg8+
Kh6 34. Rc6 Rd2+ 35. Kf3 Kg5 36. h4+ Kf5 37. Bb3 Be8 38. Rxa6 Rxb2 39. Rd6 b4
40. g3 Rh2 41. Rd5+ Kf6 42. Rd6+ 1/2-1/2